| 000 | 00807nam a22002177a 4500 | ||
|---|---|---|---|
| 001 | 0000036265 | ||
| 003 | DO-SdBNP | ||
| 005 | 20230327105457.0 | ||
| 007 | 0000036265 | ||
| 008 | 160518b 2008 dr a xxu||||| |||| 00| 0 spa d | ||
| 040 |
_aBPMSU _bspa _cBPMSU |
||
| 092 |
_axxxxx _bxxxxx |
||
| 245 | 0 |
_aProyecto ciudadanos : _bguía pedagógica / _cNerys García Cuevas, Susana Doñé ; prólogo Mu-Kien Sang Adriana Sang |
|
| 260 |
_aSanto Domingo : _bPontificia Universidad Católica Madre y Maestra, _bProyecto para el Apoyo a Iniciativas Democráticas, _c2008. |
||
| 300 |
_a59 p. : _bil. ; _c28 cm. |
||
| 700 | 1 | _aGarcía Cuevas, Nerys | |
| 700 | 1 | _aDoñé, Susana | |
| 700 | 1 | 2 |
_aSang, Mu-Kien Sang Adriana, _epról. |
| 910 | _aLOPEREZ/ VMateo V. Control de calidad (BPMSU) | ||
| 942 |
_2ddc _cBK |
||
| 999 |
_c10168 _d10168 |
||